<?xml version="1.0" encoding="UTF-8"?>
<record
    xmlns:xsi="http://www.w3.org/2001/XMLSchema-instance"
    xsi:schemaLocation="http://www.loc.gov/MARC21/slim http://www.loc.gov/standards/marcxml/schema/MARC21slim.xsd"
    xmlns="http://www.loc.gov/MARC21/slim">

  <leader>00615nam a2200217 a 4500</leader>
  <controlfield tag="001">ASIN8188826324</controlfield>
  <controlfield tag="003">OSt</controlfield>
  <controlfield tag="005">20150408114142.0</controlfield>
  <controlfield tag="008">130927s2012    xxu                 eng d</controlfield>
  <datafield tag="020" ind1=" " ind2=" ">
    <subfield code="a">9788189757533</subfield>
  </datafield>
  <datafield tag="040" ind1=" " ind2=" ">
    <subfield code="a">Ma-Un</subfield>
  </datafield>
  <datafield tag="082" ind1=" " ind2=" ">
    <subfield code="2">22</subfield>
    <subfield code="a">629.892</subfield>
  </datafield>
  <datafield tag="100" ind1="1" ind2=" ">
    <subfield code="a">Goyal, Khushdeep</subfield>
    <subfield code="9">37517</subfield>
  </datafield>
  <datafield tag="245" ind1="1" ind2="0">
    <subfield code="a">Industrial automation &amp; robotics /</subfield>
    <subfield code="c"> Khushdeep Goyal Deepak Bhandari</subfield>
  </datafield>
  <datafield tag="260" ind1=" " ind2=" ">
    <subfield code="a">New Delhi :</subfield>
    <subfield code="b">S. K. Kataria &amp; Sons</subfield>
    <subfield code="c">2010.</subfield>
  </datafield>
  <datafield tag="300" ind1=" " ind2=" ">
    <subfield code="a">404 P.</subfield>
    <subfield code="c">25 cm</subfield>
  </datafield>
  <datafield tag="650" ind1=" " ind2=" ">
    <subfield code="a">Automation</subfield>
    <subfield code="9">37519</subfield>
  </datafield>
  <datafield tag="650" ind1=" " ind2=" ">
    <subfield code="a">Robots, Industrial</subfield>
    <subfield code="9">37520</subfield>
  </datafield>
  <datafield tag="700" ind1=" " ind2=" ">
    <subfield code="a">Bhandari, Deepak</subfield>
    <subfield code="9">37521</subfield>
  </datafield>
  <datafield tag="942" ind1=" " ind2=" ">
    <subfield code="2">ddc</subfield>
    <subfield code="c">BOOK</subfield>
  </datafield>
  <datafield tag="999" ind1=" " ind2=" ">
    <subfield code="c">31140</subfield>
    <subfield code="d">265640</subfield>
  </datafield>
  <datafield tag="952" ind1=" " ind2=" ">
    <subfield code="1">0</subfield>
    <subfield code="2">2013-10-08</subfield>
    <subfield code="4">0</subfield>
    <subfield code="7">0</subfield>
    <subfield code="a">629.892 GKI</subfield>
    <subfield code="c">n1</subfield>
    <subfield code="d">2013-10-08</subfield>
    <subfield code="h">CL</subfield>
    <subfield code="i">00451321</subfield>
    <subfield code="m">CL</subfield>
    <subfield code="r">2013-10-08 00:00:00</subfield>
    <subfield code="t">BOOK</subfield>
    <subfield code="w">ddc</subfield>
    <subfield code="y">0</subfield>
  </datafield>
  <datafield tag="952" ind1=" " ind2=" ">
    <subfield code="1">0</subfield>
    <subfield code="2">2013-10-08</subfield>
    <subfield code="4">0</subfield>
    <subfield code="7">0</subfield>
    <subfield code="a">629.892 GKI</subfield>
    <subfield code="c">n1</subfield>
    <subfield code="d">2013-10-08</subfield>
    <subfield code="h">SZM</subfield>
    <subfield code="i">00451320</subfield>
    <subfield code="m">SZM</subfield>
    <subfield code="r">2013-10-08 00:00:00</subfield>
    <subfield code="t">BOOK</subfield>
    <subfield code="w">ddc</subfield>
    <subfield code="y">0</subfield>
  </datafield>
  <datafield tag="952" ind1=" " ind2=" ">
    <subfield code="1">0</subfield>
    <subfield code="2">2013-10-08</subfield>
    <subfield code="4">0</subfield>
    <subfield code="7">0</subfield>
    <subfield code="a">629.892 GKI</subfield>
    <subfield code="c">n2</subfield>
    <subfield code="d">2013-10-08</subfield>
    <subfield code="h">CL</subfield>
    <subfield code="i">00451319</subfield>
    <subfield code="m">CL</subfield>
    <subfield code="r">2013-10-08 00:00:00</subfield>
    <subfield code="t">BOOK</subfield>
    <subfield code="w">ddc</subfield>
    <subfield code="y">0</subfield>
  </datafield>
  <datafield tag="952" ind1=" " ind2=" ">
    <subfield code="1">0</subfield>
    <subfield code="2">2013-10-08</subfield>
    <subfield code="4">0</subfield>
    <subfield code="7">0</subfield>
    <subfield code="a">629.892 GKI</subfield>
    <subfield code="c">n2</subfield>
    <subfield code="d">2013-10-08</subfield>
    <subfield code="h">SZM</subfield>
    <subfield code="i">00451318</subfield>
    <subfield code="m">SZM</subfield>
    <subfield code="r">2013-10-08 00:00:00</subfield>
    <subfield code="t">BOOK</subfield>
    <subfield code="w">ddc</subfield>
    <subfield code="y">0</subfield>
  </datafield>
  <datafield tag="952" ind1=" " ind2=" ">
    <subfield code="1">0</subfield>
    <subfield code="2">2013-10-08</subfield>
    <subfield code="4">0</subfield>
    <subfield code="7">1</subfield>
    <subfield code="a">629.892 GKI</subfield>
    <subfield code="c">n3</subfield>
    <subfield code="d">2013-10-08</subfield>
    <subfield code="h">CL</subfield>
    <subfield code="i">00451317</subfield>
    <subfield code="m">CL</subfield>
    <subfield code="q">2014-04-23</subfield>
    <subfield code="r">2014-06-10 00:00:00</subfield>
    <subfield code="t">BOOK</subfield>
    <subfield code="w">ddc</subfield>
    <subfield code="y">1</subfield>
  </datafield>
  <datafield tag="952" ind1=" " ind2=" ">
    <subfield code="1">0</subfield>
    <subfield code="2">2013-10-08</subfield>
    <subfield code="4">0</subfield>
    <subfield code="7">1</subfield>
    <subfield code="a">629.892 GKI</subfield>
    <subfield code="c">n3</subfield>
    <subfield code="d">2013-10-08</subfield>
    <subfield code="h">SZM</subfield>
    <subfield code="i">00451316</subfield>
    <subfield code="m">SZM</subfield>
    <subfield code="r">2013-10-08 00:00:00</subfield>
    <subfield code="t">BOOK</subfield>
    <subfield code="w">ddc</subfield>
    <subfield code="y">0</subfield>
  </datafield>
</record>
